000 00660nam a2200193Ia 4500
003 GCL
008 140319s9999 xx 000 0 ara d
040 _aGCL /
_cGCL
082 0 4 _a372.5
_bه ذ
100 1 _aمحمود بسيونى
245 1 0 _aالذاكرة والخبرة : دراسة مقارنة الرسوم الاطفال من تايوان وقطر والولايات المتحدة /
_cمحمود بسيونى
700 1 _aالهروتينز
260 _a[S.N] :
_bدار المعارف ،
_c1993
490 _a
650 0 4 _aالاطفال
650 0 4 _aرسوم الاطفال
650 0 4 _aالاطفال فى الفن
942 _2ddc
_cBK
999 _c55404
_d55404